<?xml version="1.0" encoding="UTF-8"?>
<record
    xmlns:xsi="http://www.w3.org/2001/XMLSchema-instance"
    xsi:schemaLocation="http://www.loc.gov/MARC21/slim http://www.loc.gov/standards/marcxml/schema/MARC21slim.xsd"
    xmlns="http://www.loc.gov/MARC21/slim">

  <leader>01439nam a2200193   4500</leader>
  <controlfield tag="001">205</controlfield>
  <controlfield tag="005">20230411085951.0</controlfield>
  <controlfield tag="008">060907n2000    dr                  spa  </controlfield>
  <datafield tag="020" ind1=" " ind2=" ">
    <subfield code="a">0395974836</subfield>
  </datafield>
  <datafield tag="035" ind1=" " ind2=" ">
    <subfield code="9">funglode206</subfield>
  </datafield>
  <datafield tag="041" ind1=" " ind2=" ">
    <subfield code="a">En</subfield>
  </datafield>
  <datafield tag="100" ind1=" " ind2=" ">
    <subfield code="a">Pride, William M</subfield>
  </datafield>
  <datafield tag="245" ind1="1" ind2=" ">
    <subfield code="a">Marketing :</subfield>
    <subfield code="b">Concepts and strategies /</subfield>
    <subfield code="c">William M. Pride, O. C. Ferrel</subfield>
  </datafield>
  <datafield tag="260" ind1=" " ind2=" ">
    <subfield code="a">Boston :</subfield>
    <subfield code="b">Hougton Mifflin Company ,</subfield>
    <subfield code="c">2000      </subfield>
  </datafield>
  <datafield tag="300" ind1=" " ind2=" ">
    <subfield code="a">xxx, 625, [98] p.</subfield>
  </datafield>
  <datafield tag="520" ind1=" " ind2=" ">
    <subfield code="a">An overview of strategic marketing, 2. -- Strategic planning, 25. -- The marketing environment, 53. --  Social responsibility and ethics in marketing, 79. -- Global markets and international marketing, 107. -- Marketing research and information systems, 136. -- Target markets : Segmentation and evaluation, 163. -- Consumer buying behavior, 193. -- Organizational markets and buying behavior, 221. -- Product concepts, 248. -- Developing and managing products, 269. -- Branding and packaging, 293. -- Services, 319. -- Marketing channels and supply chain management, 348. -- Wholesaling and physical distribution, 373. -- Retailing, 401. -- Integrated marketing communications, 430. -- Advertising and public relations, 455. -- Personal selling and sales promotion, 483. -- Pricing concepts, 514. -- Setting prices, 535. -- Marketing implementation and control, 564. -- Marketing on the internet, 595. -- E-Marketing, 625</subfield>
  </datafield>
  <datafield tag="700" ind1=" " ind2=" ">
    <subfield code="a">Ferrel, O. C</subfield>
  </datafield>
  <datafield tag="942" ind1=" " ind2=" ">
    <subfield code="2">lcc</subfield>
    <subfield code="c">bk</subfield>
  </datafield>
  <datafield tag="999" ind1=" " ind2=" ">
    <subfield code="c">110162</subfield>
    <subfield code="d">110162</subfield>
  </datafield>
  <datafield tag="952" ind1=" " ind2=" ">
    <subfield code="0">0</subfield>
    <subfield code="1">0</subfield>
    <subfield code="2">lcc</subfield>
    <subfield code="4">0</subfield>
    <subfield code="7">0</subfield>
    <subfield code="8">APT</subfield>
    <subfield code="a">BJB</subfield>
    <subfield code="b">BJB</subfield>
    <subfield code="c">APT</subfield>
    <subfield code="d">2019-02-17</subfield>
    <subfield code="l">0</subfield>
    <subfield code="p">00020010206</subfield>
    <subfield code="r">2019-02-17 00:00:00</subfield>
    <subfield code="t">1</subfield>
    <subfield code="w">2019-02-17</subfield>
    <subfield code="y">bk</subfield>
  </datafield>
</record>
